000 00258nam a22001217a 4500
999 _c527908
_d527908
040 _cDLC
082 _a928.9549
_bQUD
100 _aBano Qudsia
_99437
245 _aMard e Ibrahim
260 _aLahore
_bSang e Meel
_c2007
300 _a137
942 _2ddc
_cBK